Least Known Elements - Statistics

General Stats
  • This quiz has been taken 7 times
  • The average score is 30 of 50
Answer Stats
Hint Answer % Correct
Eu Europium
86%
Og Oganesson
86%
Rf Rutherfordium
86%
Th Thorium
86%
Ac Actinium
71%
At Astatine
71%
Bk Berkelium
71%
Bh Bohrium
71%
Ce Cerium
71%
Db Dubnium
71%
Dy Dysprosium
71%
Er Erbium
71%
Hf Hafnium
71%
Ho Holmium
71%
Lv Livermorium
71%
Md Mendelevium
71%
Mo Molybdenum
71%
Nh Nihonium
71%
Nb Niobium
71%
No Nobelium
71%
Os Osmium
71%
Tc Technetium
71%
Te Tellurium
71%
Ts Tennessine
71%
Yb Ytterbium
71%
Fm Fermium
57%
Gd Gadolinium
57%
Hs Hassium
57%
La Lanthanum
57%
Lr Lawrencium
57%
Lu Lutetium
57%
Mt Meitnerium
57%
Nd Neodymium
57%
Pr Praseodymium
57%
Pm Promethium
57%
Re Rhenium
57%
Rh Rhodium
57%
Rg Roentgenium
57%
Sg Seaborgium
57%
Ta Tantalum
57%
Tb Terbium
57%
Ds Darmstadtium
43%
Fl Flerovium
43%
Cn Copernicium
29%
Mc Moscovium
29%
Pa Protactinium
29%
Ru Ruthenium
29%
Sm Samarium
29%
Tl Thallium
29%
Tm Thuluim
29%
No matching quizzes found
Score Distribution
Percent of People with Each Score
Percentile by Number Answered
Your Score History
You have not taken this quiz